000 00552nam a2200181Ia 4500
003 GCL
008 140319s9999 xx 000 0 ara d
040 _aGCL /
_cGCL
082 0 4 _a216
_bع ح
100 1 _aعباس محمود العقاد
245 1 0 _aحقائق الاسلام الىاباطيل خصومة /
_cعباس محمود العقاد
300 _a280 ص
490 _a100 قصة
_v0
650 0 4 _aدفع المطاعن عن الاسلام
650 0 4 _aالاسلام - دعوة
650 0 4 _aعلوم القران
942 _2ddc
_cBK
999 _c43973
_d43973